Statistics for Guess twice member in 30 seconds!

Click here to take the quiz!

General Stats

  • This quiz has been taken 77 times
  • The average score is 8 of 9

Answer Stats

Answer% Correct
Momo
98%
Sana
95%
Dahyun
94%
Jeongyeon
94%
Nayeon
92%
Tzuyu
92%
Mina
91%
Jihyo
88%
Chaeyoung
80%

Score Distribution

Percentile by Number Answered

Percent of People with Each Score

Your Score History

You have not taken this quiz